夏の甲子園準優勝校 - Statistics

General Stats
  • This quiz has been taken 106 times
  • The average score is 40 of 104
Answer Stats
高校 % Correct
71 | 97 | 105 仙台育英
89%
9 和歌山中
86%
21 育英商
84%
49 | 89 | 99 広陵
80%
107 日大三
78%
88 駒大苫小牧
78%
100 金足農
76%
92 東海大相模
75%
13 広陵中
75%
77 | 101 星稜
74%
52 | 58 | 66 PL学園
72%
104 下関国際
71%
106 関東第一
68%
93 | 94 光星学院
67%
103 智辯学園
64%
11 | 62 早稲田実
64%
84 智辯和歌山
63%
18 | 48 | 68 松山商
61%
91 日本文理
58%
98 北海
54%
86 済美
51%
85 東北
51%
83 近江
51%
20 | 23 | 78 熊本工
51%
61 池田
50%
96 三重
47%
64 広島商
47%
42 | 55 静岡
47%
1 秋田中
47%
72 | 73 沖縄水産
45%
60 高知商
43%
59 東邦
43%
95 延岡学園
42%
10 松本商
42%
69 常総学院
39%
47 銚子商
39%
40 徳島商
38%
31 岐阜
36%
79 平安
33%
76 樟南
33%
90 常葉菊川
32%
30 | 43 桐蔭
30%
32 鳴門
30%
14 | 19 | 22 平安中
29%
87 京都外大西
28%
67 宇部商
28%
24 | 29 | 38 岐阜商
26%
65 横浜商
22%
51 三沢
21%
80 京都成章
20%
28 京都二中
20%
82 東海大浦安
17%
81 岡山理大付
17%
53 磐城
17%
25 | 45 下関商
17%
36 | 50 静岡商
16%
75 春日部共栄
13%
15 海草中
13%
39 法政二
11%
74 拓大紅陵
7%
35 土佐
7%
54 柳井
5%
44 久留米商
5%
17 嘉義農林
5%
2 市岡中
5%
70 福岡第一
4%
33 熊谷
4%
12 大連商
4%
3 関西学院中
4%
63 京都商
3%
57 新居浜商
3%
56 防府商
3%
46 早鞆
3%
34 八尾
3%
6 慶應普通部
3%
26 島田商
1%
7 京都一商
1%
41 宇都宮工
0%
37 坂出商
0%
16 諏訪蚕糸
0%
8 神戸商
0%
5 長野師範
0%
No matching quizzes found
Score Distribution
Percent of People with Each Score
Percentile by Number Answered
Your Score History
You have not taken this quiz